Szczegóły MARC21

Bariery nowatorstwa i postępu pedagogicznego /

003 -Nazwa inst., której nr kontr. jest w polu 001 [,]
    • @
    • Nazwa instytucji, której n kontrolny jest w polu 001
    • NUKAT
005 -DATA I CZAS OSTATNIEJ MODYFIKACJI [,]
    • @
    • pole kontrolne
    • 20241231114417.0
040 -Instytucja sporządzająca opis [ , ]
    • a
    • Instytucja, która sporządziła opis (NP)
    • WA M/KR
    • c
    • Instytucja, która sporządziła rekord (NP)
    • WA M/KR
    • d
    • Instytucja, która zmodyfikowała rekord (P)
    • WA M/MC
    • d
    • Instytucja, która zmodyfikowała rekord (P)
    • Ł U/MRs
041 -Język dokumentu [0, ]
    • a
    • Język tekstu (P)
    • polski
    • b
    • Język streszczeń lub abstraktu (P)
    • angielski
    • b
    • Język streszczeń lub abstraktu (P)
    • niemiecki
    • b
    • Język streszczeń lub abstraktu (P)
    • rosyjski
942 -Rodzaj dokumentu [ , ]
    • c
    • Rodzaj dokumentu
    • Książka
100 -Hasło główne - nazwa osobowa [1, ]
    • a
    • Nazwa osobowa (NP)
    • Kobyliński, Władysław
    • d
    • Daty biograficzne (NP)
    • (1940-2006).
    • 9
    • KHW
    • 32042
245 -Strefa tytułu i oznaczenia odpowiedzialności [1,0]
    • a
    • Tytuł
    • Bariery nowatorstwa i postępu pedagogicznego / Find
    • c
    • Pozostałe elementy strefy tytułu i oznaczenia odpowiedzialności (NP)
    • Władysław Kobyliński.
260 -Strefa adresu wydawniczego [ , ]
    • a
    • Miejsce wydania (P)
    • Siedlce :
    • b
    • Nazwa wydawcy (P)
    • Wydawnictwo Uczelniane WSRP,
    • c
    • Data wydania (P)
    • 1992.
300 -Strefa opisu fizycznego [ , ]
    • a
    • Określenie formy książki i/lub objętość (NP)
    • 184 s. ;
    • c
    • Format (NP)
    • 24 cm.
336 -Typ zawartości [ , ]
    • a
    • Termin opisujący typ zawartości
    • Tekst
    • b
    • Kod określający zawartość
    • txt
    • 2
    • Źródło (terminu i kodu)
    • rdacontent
337 -Typ mediów [ , ]
    • a
    • Tryb odtwarzania
    • Bez urządzenia pośredniczącego
    • b
    • Kod typu mediów
    • n
    • 2
    • Źródło (terminu i kodu)
    • rdamedia
338 -Typ/rodzaj nośnika [ , ]
    • a
    • Hasło opisujące typ nośnika
    • Wolumin
    • b
    • Kod typu nośnika
    • nc
    • 2
    • Źródło (terminu i kodu)
    • rdacarrier
490 -Strefa serii i książki wielotomowej - forma nie do wyszukiwania [1, ]
    • a
    • Tytuł (P)
    • Monografie / Wyższa Szkoła Rolniczo-Pedagogiczna w Siedlcach, Find
    • x
    • ISSN (NP)
    • 0860-2719 ;
    • v
    • Numeracja (P)
    • nr 23
830 -Hasło dodatkowe serii i opisu książki wielotomowej - tytuł ujednolicony/tytuł [ ,0]
    • a
    • Tytuł ujednolicony/tytuł (NP)
    • Monografie - Wyższa Szkoła Rolniczo-Pedagogiczna w Siedlcach
    • x
    • ISSN
    • 0860-2719
    • v
    • Oznaczenie tomu (NP)
    • nr 23
    • 9
    • KHW
    • 54813
504 -Uwaga dot. bibliogr. załącznikowej [ , ]
    • a
    • Uwaga dot. bibliografii załącznikowej
    • Bibliogr. s. 176-180.
546 -Uwaga dot. języka [ , ]
    • a
    • Uwaga dot. języka
    • Streszcz. ang., niem., ros.
080 -Uniwersalna Klasyfikacja Dziesiętna [ , ]
    • 2
    • Identyfikator wydania tablic
    • UDC-P058
    • 9
    • UKD
    • 3875
    • a
    • Symbol klasyfikacji
    • 37.091.3::001.895
    • b
    • Dopowiedzenie
    • Innowacje pedagogiczne. Innowatyka pedagogiczna.
650 -Hasło przedmiotowe [ ,7]
    • a
    • Hasło przedmiotowe
    • Nauczanie
    • x
    • Określnik rzeczowy
    • innowacje.
    • 2
    • Źródło terminu
    • kaba
    • 9
    • KHW
    • 120658
650 -Hasło przedmiotowe [ ,7]
    • a
    • Hasło przedmiotowe
    • Nauczyciele
    • x
    • Określnik rzeczowy
    • praca.
    • 2
    • Źródło terminu
    • kaba
    • 9
    • KHW
    • 349592
980 -Symbol UKD [ , ]
    • a
    • UKD
    • 37.091.3::001.895
710 -Hasło dodatkowe - nazwa ciała zbiorowego [2, ]
    • a
    • Nazwa ciała zbiorowego lub nazwa geograficzna jako pierwszy element (NP)
    • Wyższa Szkoła Rolniczo-Pedagogiczna im. Georgi Dymitrowa (Siedlce).
    • b
    • Nazwa jednostki podrzędnej (P)
    • Dział Wydawnictw i Poligrafii.
    • 4
    • Kod relacji
    • pbl
    • 9
    • KHW
    • 514132
Uwagi nie widoczne w OPAC Data inwentaryzacji Lokalizacja Status udost. Numer inwentarzowy
retrokonwersja BG1Pd.6067